000 00456nam a22001697a 4500
003 NUST - PNEC
005 20170116180907.0
008 150902b xxu||||| |||| 00| 0 eng d
020 _a-
040 _cLIBRARY
082 _a604.24 JAC
100 _96759
_aJackson, K. L.
245 _aSolution of problems in engineering drawing and projective geometry
_cK. L. Jackson
260 _cc.1954
650 _96763
_aMechanical drawing
_xME
942 _2ddc
_cBK
999 _c65141
_d65141